MARC

LEADER 00000cam a2200000 7i4500
001 0000024989
005 20131120.0
008 131112 my a may
040 |a INS 
090 0 0 |a E23 
110 1 |a Kursus pengurusan kewangan : Perakaunan amanah, deposit dan panjar ,   |d 2012 26 - 29 Mac   |c INSPEN, Bangi 
245 0 0 |a Kursus pengurusan kewangan : Perakaunan amanah, deposit dan panjar :   |b 26 - 29 Mac 2012   |c Anjuran Pusat Pengurusan dan Teknologi Maklumat, INSPEN 
260 |a Bangi :   |b Institut Penilaian Negara ,   |c 2012 
300 |a 1v. ( Various paging ) :   |b ill. ;   |c 30 cm. 
650 0 |a Finance. 
650 0 |a Finance   |z Malaysia. 
710 1 |a INSPEN ( Institut Penilaian Negara ) 
856 |u http://app.inspen.gov.my:7779/pls/portal/docs/PAGE/CORPORATEPAGES/PORTAL_INSPEN/NOTA_KURSUS/KEWANGAN/KURSUS%20PENGURUSAN%20KEWANGAN%20PERAKAUNAN%20AMANAH%20DEPOSIT%20PANJAR%202629032012.PDF 
999 |a E000000055   |b BOOK   |c Course Notes   |e Default branch 
999 |a E000000056   |b BOOK   |c Course Notes   |e Default branch 
999 |a E000000061   |b BOOK   |c Course Notes   |e Default branch